Municípios do Paraná por NRE - Statistics

Estatísticas Gerais
  • Esse quiz foi jogado 19 vezes
  • A pontuação média é 61 de 399
Respostas no mapa
Respostas codificadas por cores de uma escala verde-vermelha no mapa do quiz de acordo com a % correta abaixo.
 
Estatísticas das Respostas
NRE Município % Correto
NRE Cascavel Cascavel
75%
NRE Curitiba Curitiba
63%
NRE Foz do Iguaçu Foz do Iguaçu
63%
NRE Paranaguá Paranaguá
63%
NRE Londrina Londrina
50%
NRE Pato Branco Pato Branco
50%
NRE Ponta Grossa Ponta Grossa
50%
NRE Toledo Toledo
50%
NRE Área Metropolitana Sul Araucária
38%
NRE Cascavel Boa Vista da Aparecida
38%
NRE Campo Mourão Campo Mourão
38%
NRE Cascavel Capitão Leônidas Marques
38%
NRE Ponta Grossa Carambeí
38%
NRE Cianorte Cianorte
38%
NRE Cascavel Corbélia
38%
NRE Cornélio Procópio Cornélio Procópio
38%
NRE Dois Vizinhos Dois Vizinhos
38%
NRE Francisco Beltrão Francisco Beltrão
38%
NRE Cascavel Ibema
38%
NRE Ponta Grossa Ivaí
38%
NRE Ivaiporã Ivaiporã
38%
NRE Área Metropolitana Sul Lapa
38%
NRE Maringá Maringá
38%
NRE Toledo Palotina
38%
NRE Paranavaí Paranavaí
38%
NRE Área Metropolitana Sul São José dos Pinhais
38%
NRE Foz do Iguaçu São Miguel do Iguaçu
38%
NRE Cascavel Três Barras do Paraná
38%
NRE Área Metropolitana Norte Adrianópolis
25%
NRE Área Metropolitana Norte Almirante Tamandaré
25%
NRE Cascavel Anahy
25%
NRE Jacarezinho Andirá
25%
NRE Paranaguá Antonina
25%
NRE Apucarana Apucarana
25%
NRE Ivaiporã Arapuã
25%
NRE Ivaiporã Ariranha do Ivaí
25%
NRE Assis Chateaubriand Assis Chateaubriand
25%
NRE Área Metropolitana Sul Balsa Nova
25%
NRE Jacarezinho Barra do Jacaré
25%
NRE Cascavel Braganey
25%
NRE Cascavel Cafelândia
25%
NRE Jacarezinho Cambará
25%
NRE Área Metropolitana Sul Campo do Tenente
25%
NRE Área Metropolitana Sul Campo Largo
25%
NRE Área Metropolitana Norte Campo Magro
25%
NRE Ivaiporã Cândido de Abreu
25%
NRE Guarapuava Candói
25%
NRE Laranjeiras do Sul Cantagalo
25%
NRE Francisco Beltrão Capanema
25%
NRE Ponta Grossa Castro
25%
NRE Área Metropolitana Norte Cerro Azul
25%
NRE Cascavel Céu Azul
25%
NRE Área Metropolitana Norte Colombo
25%
NRE Área Metropolitana Sul Contenda
25%
NRE Toledo Diamante d'Oeste
25%
NRE Loanda Diamante do Norte
25%
NRE Laranjeiras do Sul Diamante do Sul
25%
NRE Área Metropolitana Norte Doutor Ulysses
25%
NRE Campo Mourão Engenheiro Beltrão
25%
NRE Área Metropolitana Sul Fazenda Rio Grande
25%
NRE Irati Fernandes Pinheiro
25%
NRE Guarapuava Foz do Jordão
25%
NRE União da Vitória General Carneiro
25%
NRE Goioerê Goioerê
25%
NRE Toledo Guaíra
25%
NRE Cascavel Guaraniaçu
25%
NRE Guarapuava Guarapuava
25%
NRE Paranaguá Guaraqueçaba
25%
NRE Paranaguá Guaratuba
25%
NRE Pato Branco Honório Serpa
25%
NRE Ibaiti Ibaiti
25%
NRE Irati Irati
25%
NRE Jacarezinho Jacarezinho
25%
NRE Wenceslau Braz Jaguariaíva
25%
NRE Apucarana Kaloré
25%
NRE Laranjeiras do Sul Laranjeiras do Sul
25%
NRE Ivaiporã Lidianópolis
25%
NRE Cascavel Lindoeste
25%
NRE Loanda Loanda
25%
NRE Ivaiporã Lunardelli
25%
NRE Irati Mallet
25%
NRE Área Metropolitana Sul Mandirituba
25%
NRE Ivaiporã Manoel Ribas
25%
NRE Toledo Marechal Cândido Rondon
25%
NRE Toledo Maripá
25%
NRE Foz do Iguaçu Matelândia
25%
NRE Paranaguá Matinhos
25%
NRE Foz do Iguaçu Missal
25%
NRE Paranaguá Morretes
25%
NRE Loanda Nova Londrina
25%
NRE Pitanga Nova Tebas
25%
NRE Ponta Grossa Palmeira
25%
NRE Pitanga Palmital
25%
NRE Paranavaí Paranacity
25%
NRE Área Metropolitana Sul Piên
25%
NRE Área Metropolitana Norte Pinhais
25%
NRE Pitanga Pitanga
25%
NRE Paranaguá Pontal do Paraná
25%
NRE União da Vitória Porto Vitória
25%
NRE Francisco Beltrão Pranchita
25%
NRE Irati Prudentópolis
25%
NRE Área Metropolitana Norte Quatro Barras
25%
NRE Laranjeiras do Sul Quedas do Iguaçu
25%
NRE Área Metropolitana Sul Quitandinha
25%
NRE Telêmaco Borba Reserva
25%
NRE Jacarezinho Ribeirão Claro
25%
NRE Ivaiporã Rio Branco do Ivaí
25%
NRE Área Metropolitana Norte Rio Branco do Sul
25%
NRE Área Metropolitana Sul Rio Negro
25%
NRE Cianorte Rondon
25%
NRE Ivaiporã Rosário do Ivaí
25%
NRE Foz do Iguaçu Santa Terezinha de Itaipu
25%
NRE Jacarezinho Santo Antônio da Platina
25%
NRE Pato Branco São João
25%
NRE Ponta Grossa São João do Triunfo
25%
NRE Maringá São Jorge do Ivaí
25%
NRE Ivaiporã São Pedro do Ivaí
25%
NRE Telêmaco Borba Sapopema
25%
NRE Pato Branco Saudade do Iguaçu
25%
NRE Irati Teixeira Soares
25%
NRE Telêmaco Borba Telêmaco Borba
25%
NRE Ponta Grossa Tibagi
25%
NRE Área Metropolitana Sul Tijucas do Sul
25%
NRE Área Metropolitana Norte Tunas do Paraná
25%
NRE Assis Chateaubriand Tupãssi
25%
NRE Umuarama Umuarama
25%
NRE União da Vitória União da Vitória
25%
NRE Telêmaco Borba Ventania
25%
NRE Cascavel Vera Cruz do Oeste
25%
NRE Wenceslau Braz Wenceslau Braz
25%
NRE Umuarama Xambrê
25%
NRE Jacarezinho Abatiá
13%
NRE Área Metropolitana Sul Agudos do Sul
13%
NRE Umuarama Altônia
13%
NRE Umuarama Alto Paraíso
13%
NRE Paranavaí Alto Paraná
13%
NRE Umuarama Alto Piquiri
13%
NRE Londrina Alvorada do Sul
13%
NRE Paranavaí Amaporã
13%
NRE União da Vitória Antônio Olinto
13%
NRE Wenceslau Braz Arapoti
13%
NRE Campo Mourão Araruna
13%
NRE Maringá Astorga
13%
NRE Maringá Atalaia
13%
NRE Cornélio Procópio Bandeirantes
13%
NRE Campo Mourão Barbosa Ferraz
13%
NRE Francisco Beltrão Bela Vista da Caroba
13%
NRE Londrina Bela Vista do Paraíso
13%
NRE União da Vitória Bituruna
13%
NRE Pitanga Boa Ventura de São Roque
13%
NRE Área Metropolitana Norte Bocaiúva do Sul
13%
NRE Apucarana Borrazópolis
13%
NRE Assis Chateaubriand Brasilândia do Sul
13%
NRE Londrina Cafeara
13%
NRE Umuarama Cafezal do Sul
13%
NRE Apucarana Califórnia
13%
NRE Londrina Cambé
13%
NRE Campo Mourão Campina da Lagoa
13%
NRE Guarapuava Campina do Simão
13%
NRE Área Metropolitana Norte Campina Grande do Sul
13%
NRE Jacarezinho Carlópolis
13%
NRE Cascavel Catanduvas
13%
NRE Pato Branco Chopinzinho
13%
NRE Cianorte Cidade Gaúcha
13%
NRE Maringá Colorado
13%
NRE Cornélio Procópio Congonhinhas
13%
NRE Ibaiti Conselheiro Mairinck
13%
NRE Dois Vizinhos Cruzeiro do Iguaçu
13%
NRE Umuarama Cruzeiro do Oeste
13%
NRE Paranavaí Cruzeiro do Sul
13%
NRE Umuarama Douradina
13%
NRE Maringá Doutor Camargo
13%
NRE Toledo Entre Rios do Oeste
13%
NRE Umuarama Esperança Nova
13%
NRE Campo Mourão Farol
13%
NRE Apucarana Faxinal
13%
NRE Francisco Beltrão Flor da Serra do Sul
13%
NRE Maringá Floresta
13%
NRE Assis Chateaubriand Formosa do Oeste
13%
NRE Umuarama Francisco Alves
13%
NRE Guarapuava Goioxim
13%
NRE Ivaiporã Grandes Rios
13%
NRE Irati Guamiranga
13%
NRE Ibaiti Guapirama
13%
NRE Cianorte Guaporema
13%
NRE Londrina Guaraci
13%
NRE Londrina Ibiporã
13%
NRE Umuarama Icaraíma
13%
NRE Maringá Iguaraçu
13%
NRE Cascavel Iguatu
13%
NRE Telêmaco Borba Imbaú
13%
NRE Ponta Grossa Imbituva
13%
NRE Irati Inácio Martins
13%
NRE Cianorte Indianópolis
13%
NRE Ponta Grossa Ipiranga
13%
NRE Umuarama Iporã
13%
NRE Foz do Iguaçu Itaipulândia
13%
NRE Cornélio Procópio Itambaracá
13%
NRE Área Metropolitana Norte Itaperuçu
13%
NRE Umuarama Ivaté
13%
NRE Maringá Ivatuba
13%
NRE Londrina Jaguapitã
13%
NRE Apucarana Jandaia do Sul
13%
NRE Goioerê Janiópolis
13%
NRE Ivaiporã Jardim Alegre
13%
NRE Paranavaí Jardim Olinda
13%
NRE Assis Chateaubriand Jesuítas
13%
NRE Jacarezinho Joaquim Távora
13%
NRE Cianorte Jussara
13%
NRE Cornélio Procópio Leópolis
13%
NRE Maringá Lobato
13%
NRE Campo Mourão Luiziana
13%
NRE Londrina Lupionópolis
13%
NRE Campo Mourão Mamborê
13%
NRE Maringá Mandaguari
13%
NRE Francisco Beltrão Manfrinópolis
13%
NRE Pato Branco Mangueirinha
13%
NRE Umuarama Maria Helena
13%
NRE Maringá Marialva
13%
NRE Loanda Marilena
13%
NRE Laranjeiras do Sul Marquinho
13%
NRE Apucarana Mauá da Serra
13%
NRE Foz do Iguaçu Medianeira
13%
NRE Toledo Mercedes
13%
NRE Londrina Miraselva
13%
NRE Goioerê Moreira Sales
13%
NRE Maringá Munhoz de Mello
13%
NRE Maringá Nossa Senhora das Graças
13%
NRE Campo Mourão Nova Cantu
13%
NRE Paranavaí Nova Esperança
13%
NRE Dois Vizinhos Nova Esperança do Sudoeste
13%
NRE Cornélio Procópio Nova Fátima
13%
NRE Laranjeiras do Sul Nova Laranjeiras
13%
NRE Umuarama Nova Olímpia
13%
NRE Cornélio Procópio Nova Santa Bárbara
13%
NRE Apucarana Novo Itacolomi
13%
NRE Telêmaco Borba Ortigueira
13%
NRE Maringá Ourizona
13%
NRE Toledo Ouro Verde do Oeste
13%
NRE Maringá Paiçandu
13%
NRE Paranavaí Paraíso do Norte
13%
NRE Paranavaí Paranapoema
13%
NRE Toledo Pato Bragado
13%
NRE União da Vitória Paula Freitas
13%
NRE União da Vitória Paulo Frontin
13%
NRE Campo Mourão Peabiru
13%
NRE Umuarama Perobal
13%
NRE Umuarama Pérola
13%
NRE Francisco Beltrão Pérola d'Oeste
13%
NRE Ibaiti Pinhalão
13%
NRE Guarapuava Pinhão
13%
NRE Ponta Grossa Piraí do Sul
13%
NRE Área Metropolitana Norte Piraquara
13%
NRE Londrina Pitangueiras
13%
NRE Loanda Planaltina do Paraná
13%
NRE Francisco Beltrão Planalto
13%
NRE Ponta Grossa Porto Amazonas
13%
NRE Laranjeiras do Sul Porto Barreiro
13%
NRE Loanda Porto Rico
13%
NRE Maringá Presidente Castelo Branco
13%
NRE Londrina Primeiro de Maio
13%
NRE Goioerê Quarto Centenário
13%
NRE Loanda Querência do Norte
13%
NRE Campo Mourão Quinta do Sol
13%
NRE Foz do Iguaçu Ramilândia
13%
NRE Francisco Beltrão Realeza
13%
NRE Irati Rebouças
13%
NRE Francisco Beltrão Renascença
13%
NRE Guarapuava Reserva do Iguaçu
13%
NRE Jacarezinho Ribeirão do Pinhal
13%
NRE Irati Rio Azul
13%
NRE Apucarana Rio Bom
13%
NRE Laranjeiras do Sul Rio Bonito do Iguaçu
13%
NRE Londrina Rolândia
13%
NRE Campo Mourão Roncador
13%
NRE Apucarana Sabáudia
13%
NRE Wenceslau Braz Salto do Itararé
13%
NRE Dois Vizinhos Salto do Lontra
13%
NRE Cornélio Procópio Santa Amélia
13%
NRE Cornélio Procópio Santa Cecília do Pavão
13%
NRE Toledo Santa Helena
13%
NRE Loanda Santa Isabel do Ivaí
13%
NRE Cascavel Santa Lúcia
13%
NRE Cornélio Procópio Santa Mariana
13%
NRE Loanda Santa Mônica
13%
NRE Wenceslau Braz Santana do Itararé
13%
NRE Cascavel Santa Tereza do Oeste
13%
NRE Paranavaí São Carlos do Ivaí
13%
NRE Cornélio Procópio São Jerônimo da Serra
13%
NRE Ivaiporã São João do Ivaí
13%
NRE Dois Vizinhos São Jorge d'Oeste
13%
NRE Umuarama São Jorge do Patrocínio
13%
NRE Toledo São José das Palmeiras
13%
NRE União da Vitória São Mateus do Sul
13%
NRE Loanda São Pedro do Paraná
13%
NRE Cornélio Procópio São Sebastião da Amoreira
13%
NRE Maringá Sarandi
13%
NRE Wenceslau Braz Sengés
13%
NRE Foz do Iguaçu Serranópolis do Iguaçu
13%
NRE Cornélio Procópio Sertaneja
13%
NRE Londrina Sertanópolis
13%
NRE Ibaiti Siqueira Campos
13%
NRE Londrina Tamarana
13%
NRE Paranavaí Tamboara
13%
NRE Cianorte Tapejara
13%
NRE Umuarama Tapira
13%
NRE Cianorte Terra Boa
13%
NRE Paranavaí Terra Rica
13%
NRE Toledo Terra Roxa
13%
NRE Ibaiti Tomazina
13%
NRE Cianorte Tuneiras do Oeste
13%
NRE Guarapuava Turvo
13%
NRE Goioerê Ubiratã
13%
NRE Paranavaí Uniflor
13%
NRE Cornélio Procópio Uraí
13%
NRE Francisco Beltrão Verê
13%
NRE Laranjeiras do Sul Virmond
13%
NRE Campo Mourão Altamira do Paraná
0%
NRE Francisco Beltrão Ampére
0%
NRE Maringá Ângulo
0%
NRE Apucarana Arapongas
0%
NRE Cornélio Procópio Assaí
0%
NRE Francisco Beltrão Barracão
0%
NRE Goioerê Boa Esperança
0%
NRE Dois Vizinhos Boa Esperança do Iguaçu
0%
NRE Francisco Beltrão Bom Jesus do Sul
0%
NRE Apucarana Bom Sucesso
0%
NRE Pato Branco Bom Sucesso do Sul
0%
NRE Apucarana Cambira
0%
NRE Cascavel Campo Bonito
0%
NRE Londrina Centenário do Sul
0%
NRE Pato Branco Clevelândia
0%
NRE Pato Branco Coronel Domingos Soares
0%
NRE Pato Branco Coronel Vivida
0%
NRE Campo Mourão Corumbataí do Sul
0%
NRE União da Vitória Cruz Machado
0%
NRE Apucarana Cruzmaltina
0%
NRE Telêmaco Borba Curiúva
0%
NRE Francisco Beltrão Enéas Marques
0%
NRE Laranjeiras do Sul Espigão Alto do Iguaçu
0%
NRE Campo Mourão Fênix
0%
NRE Ibaiti Figueira
0%
NRE Maringá Floraí
0%
NRE Londrina Florestópolis
0%
NRE Maringá Flórida
0%
NRE Ivaiporã Godoy Moreira
0%
NRE Paranavaí Guairaçá
0%
NRE Paranavaí Inajá
0%
NRE Assis Chateaubriand Iracema do Oeste
0%
NRE Campo Mourão Iretama
0%
NRE Paranavaí Itaguajé
0%
NRE Maringá Itambé
0%
NRE Pato Branco Itapejara d'Oeste
0%
NRE Loanda Itaúna do Sul
0%
NRE Ibaiti Jaboti
0%
NRE Ibaiti Japira
0%
NRE Cianorte Japurá
0%
NRE Cornélio Procópio Jataizinho
0%
NRE Jacarezinho Jundiaí do Sul
0%
NRE Goioerê Juranda
0%
NRE Pitanga Laranjal
0%
NRE Maringá Mandaguaçu
0%
NRE Apucarana Marilândia do Sul
0%
NRE Goioerê Mariluz
0%
NRE Pato Branco Mariópolis
0%
NRE Francisco Beltrão Marmeleiro
0%
NRE Apucarana Marumbi
0%
NRE Pitanga Mato Rico
0%
NRE Paranavaí Mirador
0%
NRE Paranavaí Nova Aliança do Ivaí
0%
NRE Cornélio Procópio Nova América da Colina
0%
NRE Assis Chateaubriand Nova Aurora
0%
NRE Dois Vizinhos Nova Prata do Iguaçu
0%
NRE Toledo Nova Santa Rosa
0%
NRE Pato Branco Palmas
0%
NRE Francisco Beltrão Pinhal de São Bento
0%
NRE Londrina Porecatu
0%
NRE Londrina Prado Ferreira
0%
NRE Jacarezinho Quatiguá
0%
NRE Toledo Quatro Pontes
0%
NRE Cornélio Procópio Rancho Alegre
0%
NRE Goioerê Rancho Alegre d'Oeste
0%
NRE Francisco Beltrão Salgado Filho
0%
NRE Loanda Santa Cruz de Monte Castelo
0%
NRE Maringá Santa Fé
0%
NRE Paranavaí Santa Inês
0%
NRE Francisco Beltrão Santa Izabel do Oeste
0%
NRE Pitanga Santa Maria do Oeste
0%
NRE Paranavaí Santo Antônio do Caiuá
0%
NRE Cornélio Procópio Santo Antônio do Paraíso
0%
NRE Francisco Beltrão Santo Antônio do Sudoeste
0%
NRE Maringá Santo Inácio
0%
NRE Paranavaí São João do Caiuá
0%
NRE Wenceslau Braz São José da Boa Vista
0%
NRE Cianorte São Manoel do Paraná
0%
NRE Toledo São Pedro do Iguaçu
0%
NRE Cianorte São Tomé
0%
NRE Pato Branco Sulina
0%
NRE Pato Branco Vitorino
0%
Nenhum quiz correspondente encontrado
Distribuição das Pontuações
Porcentagem de Pessoas com Cada Pontuação
Percentil de Números Respondidos
Sua Pontuação Histórica
Você não jogou esse quiz